100 Best Food Cities - Statistics

General Stats
  • This quiz has been taken 151 times
  • The average score is 56 of 100
Answer Stats
Position Country Answer % Correct
6 Italy Rome
97%
7 France Paris
96%
25 Japan Tokyo
94%
12 USA New York City
93%
2 Italy Milan
91%
11 Spain Madrid
90%
23 Italy Venice
89%
8 Austria Vienna
89%
45 India New Delhi
88%
24 Turkey Istanbul
86%
39 USA Los Angeles
86%
36 Mexico Mexico City
86%
5 India Mumbai
86%
1 Italy Naples
86%
54 Spain Barcelona
84%
4 Italy Florence
84%
10 Japan Osaka
83%
91 Germany Berlin
82%
16 Indonesia Jakarta
81%
15 Peru Lima
80%
29 USA Chicago
77%
40 Vietnam Hanoi
77%
90 United Kingdom London
77%
55 Russia Moscow
77%
27 Portugal Lisbon
76%
33 France Lyon
75%
51 China Beijing
74%
26 USA San Francisco
74%
9 Italy Turin
74%
73 Netherlands Amsterdam
73%
37 Argentina Buenos Aires
73%
31 Italy Palermo
72%
83 South Korea Seoul
72%
48 USA Boston
71%
17 Japan Kyoto
71%
42 France Marseille
71%
47 Australia Melbourne
71%
49 Germany Munich
71%
38 Brazil São Paulo
71%
44 China Shanghai
71%
57 Hungary Budapest
70%
14 France Nice
69%
56 Vietnam Ho Chi Minh City
68%
77 Czechia Prague
68%
59 Croatia Zagreb
68%
67 Thailand Bangkok
67%
3 Italy Bologna
67%
85 USA Houston
66%
84 Sweden Stockholm
66%
65 Canada Montreal
65%
62 Spain Valencia
65%
63 Belgium Brussels
64%
46 Bosnia and Herzegovina Sarajevo
64%
20 USA New Orleans
62%
64 USA Washington D.C.
61%
28 Mexico Guadalajara
59%
53 China Hong Kong
59%
71 India Kolkata
59%
93 Spain Seville
59%
22 _____ Singapore
59%
68 Serbia Belgrade
58%
13 Italy Genoa
58%
30 USA Philadelphia
56%
60 Turkey İzmir
52%
81 USA Austin
49%
75 India Chennai
49%
72 Croatia Split
46%
41 Italy Bari
44%
50 India Hyderabad
44%
78 Japan Sapporo
42%
21 Italy Catania
40%
34 Indonesia Surabaya
38%
32 Indonesia Bandung
36%
70 USA San Antonio
36%
97 Italy Parma
34%
94 USA Honolulu
30%
100 Italy Trieste
28%
86 Spain San Sebastian
25%
18 Turkey Gaziantep
23%
74 China Macau
23%
61 USA St. Louis
23%
95 Spain Cordoba
22%
69 Italy Modena
22%
98 USA Charleston
19%
96 Peru Arequipa
18%
99 Germany Nuremburg
15%
52 Mexico Puebla de Zaragoza
15%
92 Italy Siena
15%
35 Vietnam Huế
13%
76 USA Buffalo
12%
43 India Amritsar
10%
88 Italy Lucca
10%
87 Indonesia Yogyakarta
10%
58 Indonesia Padang
8%
19 Italy Ferrara
6%
89 Italy Mantua
6%
79 Italy Sorrento
6%
82 Indonesia Surakarta
5%
66 Greece Chania City
2%
80 Italy Taormina
2%
No matching quizzes found
Score Distribution
Percent of People with Each Score
Percentile by Number Answered
Your Score History
You have not taken this quiz